000 00882nam a22002175i 4500
001 162979
003 ES-MaACL
005 20250727024455.0
008 020917s1899 gw |||| | ger d
040 _aCCPB | B
_bspa
_cCCPB | B
100 1 _aRatzel, Friedrich.
_995540
245 1 0 _aAnthropogeographie /
_cvon Friedrich Ratzel.
250 _a2. Aufl.
260 _aStuttgart :
_bVerlag von J. Engelhorn,
_c1899.
300 _a2 v. ;
_c22 cm.
505 8 _aContiene: Erster teil. Grundzüge der anwendung der erdkunde auf die geschichte (XVIII, 604 p.)
650 7 _aAntropología física
_2embne
_99893
752 _aAlemania -
_dStuttgart
852 _aES-MaACL
_jG-1228
_z-- Enc. hol. conservando la rust. original
_q-- Sólo t.I
_x-- Edic.: En port. enfrentada a la principal consta la serie: Bibliothek Geographischer Handbücher
999 _c162979
_d162979